000 00365nam a22001577a 4500
003 SGT
020 _a978-81-265-1414-4
082 _a615.4
_bP13C
100 _aCONNORS, KENNETH. A
245 _aA TEXT BOOK OF PHARMACEUTICAL ANALYSIS
250 _a3RD
260 _aDELHI
_bWILEY PUB
_c2013
300 _a664
650 _aPHARMACEUTICAL ANALYSIS
942 _2ddc
_cBK
999 _c8775
_d8775